| Tag |
First Indicator |
Second Indicator |
Subfields |
| LEADER |
00000cam a2200000Ia 4500 |
| 001 |
in00003826513 |
| 005 |
20190415175606.0 |
| 006 |
m o d |
| 007 |
cr cn||||||||| |
| 008 |
100520s2002 enka fob 001 0 eng d |
| 020 |
|
|
|a 9781615833191
|q (electronic bk.)
|
| 020 |
|
|
|a 1615833196
|q (electronic bk.)
|
| 035 |
|
|
|a (OCoLC)ocn623468854
|
| 035 |
|
|
|a (OCoLC)623468854
|
| 037 |
|
|
|b Knovel Corporation
|n http://www.knovel.com
|
| 040 |
|
|
|a KNOVL
|b eng
|e pn
|c KNOVL
|d OCLCQ
|d KNOVL
|d ZCU
|d KNOVL
|d OCLCF
|d OCLCO
|d KNOVL
|d OCLCQ
|d UtOrBLW
|
| 049 |
|
|
|a TXAM
|
| 050 |
|
4 |
|a TK454.4.S7
|b B43 2002eb
|
| 082 |
0 |
4 |
|a 620.17
|2 22
|
| 084 |
|
|
|a NE 19
|2 blsrissc
|
| 100 |
1 |
|
|a Beckley, P.
|q (Philip)
|0 http://id.loc.gov/authorities/names/nb2001060467
|
| 245 |
1 |
0 |
|a Electrical steels for rotating machines /
|c Philip Beckley.
|
| 264 |
|
1 |
|a London :
|b Institution of Engineering and Technology,
|c [2002]
|
| 264 |
|
4 |
|c ©2002
|
| 300 |
|
|
|a 1 online resource (xiii, 315 pages) :
|b illustrations.
|
| 336 |
|
|
|a text
|b txt
|2 rdacontent
|
| 337 |
|
|
|a computer
|b c
|2 rdamedia
|
| 338 |
|
|
|a online resource
|b cr
|2 rdacarrier
|
| 490 |
1 |
|
|a IEE power and energy series ;
|v 37
|
| 504 |
|
|
|a Includes bibliographical references and index.
|
| 588 |
0 |
|
|a Print version record.
|
| 500 |
|
|
|a Electronic resource.
|
| 650 |
|
0 |
|a Steel, Electrical.
|0 http://id.loc.gov/authorities/subjects/sh85127783
|
| 650 |
|
0 |
|a Electric machinery.
|0 http://id.loc.gov/authorities/subjects/sh85041808
|
| 650 |
|
7 |
|a Electric machinery.
|2 fast
|0 (OCoLC)fst00905157
|
| 650 |
|
7 |
|a Steel, Electrical.
|2 fast
|0 (OCoLC)fst01132762
|
| 655 |
|
7 |
|a Electronic books.
|2 local
|
| 710 |
2 |
|
|a Knovel (Firm)
|0 http://id.loc.gov/authorities/names/nr2001027264
|
| 710 |
2 |
|
|a Institution of Engineering and Technology.
|0 http://id.loc.gov/authorities/names/no2006040878
|
| 776 |
1 |
8 |
|i Print version:
|a Beckley, P. (Philip).
|t Electrical steels for rotating machines.
|d London : Institution of Engineering and Technology, ©2002
|z 0852969805
|w (DLC) 2003446260
|
| 830 |
|
0 |
|a IEE power and energy series ;
|v 37.
|
| 856 |
4 |
0 |
|u http://proxy.library.tamu.edu/login?url=http://app.knovel.com/hotlink/toc/id:kpESRM000P/electrical-steels-for
|z Connect to the full text of this electronic book
|t 0
|
| 999 |
f |
f |
|s 5477d1e4-bfca-3321-b31e-7e397edd77c5
|i 6b279bdb-3a1d-3f19-9dfa-081afcc6ac75
|t 0
|
| 952 |
f |
f |
|a Texas A&M University
|b College Station
|c Electronic Resources
|d Available Online
|t 0
|e TK454.4.S7 B43 2002eb
|h Library of Congress classification
|
| 998 |
f |
f |
|a TK454.4.S7 B43 2002eb
|t 0
|l Available Online
|